| 000 | 00371nam a2200157Ia 4500 | ||
|---|---|---|---|
| 008 | 221030s9999 xx 000 0 und d | ||
| 020 | _a8120324250 | ||
| 041 | _aEnglish | ||
| 082 |
_a105.23 _bChe |
||
| 100 | _aF. Chherunilan | ||
| 245 | 0 | _aInternational Business Text & Cases | |
| 260 |
_bPHI _aNew Delhi _c2005 |
||
| 300 | _a765 | ||
| 650 | _aManagement | ||
| 942 | _cBK | ||
| 999 |
_c2143 _d2143 |
||